Tablice Rejestracyjne Województwa Zachodniopomorskiego - Statystyki

Ogólne statystyki
  • Ten quiz został rozwiązany 166 razy
  • Średni wynik to 20 z 21
Statystyki odpowiedzi
Powiat Tablica Rejestracyjna % Poprawnych
drawski ZDR
99%
choszczeński ZCH
98%
Koszalin ZK
98%
Szczecin ZS | ZZ
98%
goleniowski ZGL
97%
kamieński ZKA
97%
policki ZPL
97%
gryfiński ZGR
96%
pyrzycki ZPY
96%
stargadzki ZST
96%
białogardzki ZBI
95%
łobeski ZLO
95%
myśliborski ZMY
95%
sławieński ZSL
95%
wałecki ZWA
95%
gryficki ZGY
94%
kołobrzeski ZKL
94%
koszaliński ZKO
94%
Świnoujście ZSW
94%
szczecinecki ZSZ
94%
świdwiński ZSD
93%
Nie znaleziono quizów pasujących do podanych kryteriów
Rozkład punktacji
Procent ludzi z każdym wynikiem
Percentyl według liczby udzielonych odpowiedzi
Twoja historia wyników
Nie rozwiązałeś tego quizu